000 00495nam a2200157 4500
999 _c6804
_d6804
008 170429b xxu||||| |||| 00| 0 eng d
022 _a0119-9000
082 _aDPer 641.505 C77 Jan-June 2013 v.13-14
100 _920622
_ade la Cuesta, Danny.
245 _aCooking with beer/
_cDanny de la Cuesta.
260 _aPhilippines:
_bUBM Medica,
_c©Jan-June 2013.
300 _av13 n12, pages 38-41:
_billustrations;
_c29 cm.
500 _aCook.
650 0 _920623
_aCooking
942 _2ddc
_cPER